000 00710nam a2200265Ia 4500
003 OSt
005 20220918164300.0
006 a|||||r|||| 00| 0
007 ta
008 220917b |||||||| |||| 00| 0 eng d
020 _a0521262542 (hbk)
024 _a21,704
037 _cTextual
040 _aARTS
_cARTS
_beng
041 _2eng
_aeng
082 _aS:72, M5
100 _aSternberg Robert J
_92697
245 0 _aBeyond IQ
_b a triarchic theory of human intelligence
260 _aCambridge
_bCUP
_c1985
300 _axvi,411p.
_ccm.
500 _aBibliography 370-93p
650 _aPSYCHOLOGY
942 _hS:72, M5
_cTEXL
_2CC
999 _c124011
_d124011